| 000 | 00686nam a2200241Ia 4500 | ||
|---|---|---|---|
| 005 | 20260429111854.0 | ||
| 008 | 260429s9999||||xx |||||||||||||| ||und|| | ||
| 020 | _a9780444641366 | ||
| 041 | _aEnglish | ||
| 082 |
_a551.8 _bCHI |
||
| 100 | _aChiarella, Domenico | ||
| 245 | 0 |
_aRegional geology and tectonics : _bphanerozoic rift systems and sedimentary basins, Vol. 2 / _cDomenico Chiarella |
|
| 250 | _a2nd ed. | ||
| 260 |
_aUnited Kingdom : _bElsevier, _c2024. |
||
| 300 | _axi, 244 p.; pbk | ||
| 440 | _vVol. 2 | ||
| 650 | _a Structural geology | ||
| 650 | _a Tectonics | ||
| 650 | _aGeology | ||
| 700 | _a Adam, Jurgen | ||
| 700 | _a Scarselli, Nicola | ||
| 942 | _cTB | ||
| 999 |
_c51219 _d51219 |
||